Engelsk ordlegging 3 - Statistics

General Stats
  • This quiz has been taken 130 times
  • The average score is 13 of 20
Answer Stats
Hint Answer % Correct
Det gjør vondt It hurts
90%
Det ser ut som It looks like
86%
Ta en titt Take a look
86%
Som om As if
76%
På en måte In a way / Kind of (kinda)
76%
Det handler om It's about
76%
Det høres ut som It sounds like
76%
Hva kalles/heter det? What is it called?
76%
I tilfellet / Bare i tilfellet In case / Just in case
71%
Ikke engang Not even
71%
Det kommer an på That depends / It depends
71%
Det virker som om ... It seems like
62%
Jeg vil heller I would rather
57%
I så fall In that case
52%
Så vidt Barely
48%
Hva slags What kind of
48%
Jeg har ikke noe imot det I don't mind
43%
Med vilje On purpose / Deliberately
43%
I forkant In advance
33%
I rute On schedule
10%
No matching quizzes found
Score Distribution
Percent of People with Each Score
Percentile by Number Answered
Your Score History
You have not taken this quiz